01012nam a2200241Ia 450000100060000000300090000600800410001504000130005604000130006904100120008210000210009410000290011524500350014424500350017925000110021426000140022526000110023926000490025030000430029950003730034265000240071565000310073919772IT-RoPAU130308s9999 xx 000 0 und d aIT-RoPAU cIT-RoPAU aINGLESE aOstwald Peter F. gCodice Aut. SPICS: 3020 aSemiotics of Human Sound (The) bSemiotics Of Human Sound (The) a1a ed. aTHE HAGUE bMouton c1973 [1° Ed.:1973 - Ed.Ling.Originale:1973] a"422 p. (prefazione: no ; testo: 422)" aSemiotica del Suono Umano Suoni e Comportamento Umano Suono e Simbolo Contributo Linguistico Allo Studio dei Suoni Umani Denotazione Acustica dei Suoni Umani Suono della voce Umana Denotazione visiva dei Suoni Umani manifestazioni sonore Umane e Disturbi Emotivi psichici Esperienza del Suono stimoli Acustici Musica e psicoterapia Uso Diagnostico del Pianto Infantile aLINGUAGGIO MUSICALE eCodice materia Spics: 7004